• 首页
  • 本馆介绍
  • 公告通知
  • 最新文献
  • 馆藏检索
  • 电子资源
  • 读者导购
  • 参考咨询
  • 我的图书馆
  • 登录
  • 详细信息显示
  • 放入我的书架
  • 预约/预借图书
  • 作者相关作品
  • 分类相关作品
  • 丛书相关作品
  • 出版社相关作品

书目信息

  • 表格格式
  • 工作单格式
  • 卡片格式
题名:
华夏三绝色
    
 
作者: 天然 编著 ;迪娜·迪里木拉提 英文翻译
分册:  
出版信息: 乌鲁木齐   新疆美术摄影出版社  2008.12
页数: 127页
开本: 18x19cm
丛书名: 《走进新疆》丛书
单 册:
中图分类: J424
科图分类:
主题词: 风光摄影--feng guang she ying--摄影集--中国--现代
电子资源:
ISBN: 978-7-80744-394-0
000 01327nam 2200301 450
001 2372135742
005 20231118200230.14
010    @a978-7-80744-394-0@b精装@dCNY58.00
010    @a978-7-900424-96-9@b光盘
100    @a20190722d2008 em y0chiy50 ea
101 0  @achi@aeng
102    @aCN@b650000
105    @aa z 000yy
200 1  @a华夏三绝色@Ahua xia san jue se@e喀纳斯·香格里拉·九寨沟@d= The three magnificent scenary of Huaxia@eKanas·Shangri-la·Jiuzhaigou valley@f编著天然@zeng
210    @a乌鲁木齐@c新疆美术摄影出版社@c新疆电子音像出版社@d2008.12
215    @a127页@c彩图@d18x19cm@e光盘1片
225 2  @a《走进新疆》丛书@A《 zou jin xin jiang 》 cong shu@h第三辑
314    @a封底题: 迪娜·迪里木拉提英文翻译
330    @a本书是一部摄影集, 向读者介绍了最后的净土: 喀纳斯、恒久的魅力: 香格里拉、人间的童话: 九寨沟的自然风光。
410  0 @12001 @a《走进新疆》丛书@h第三辑
510 1  @aThree magnificent scenary of Huaxia@eKanas·Shangri-la·Jiuzhaigou valley@zeng
517 1  @a喀纳斯·香格里拉·九寨沟@Aka na si · xiang ge li la · jiu zhai gou
606 0  @a风光摄影@Afeng guang she ying@x摄影集@y中国@z现代
690    @aJ424@v5
701  0 @a天然@Atian ran@4编著
702  0 @a迪娜·迪里木拉提@Adi na · di li mu la ti@4英文翻译
801  0 @aCN@b人天书店@c20190722
905    @aBZT@dJ424@e5
    
    华夏三绝色:喀纳斯·香格里拉·九寨沟= The three magnificent scenary of Huaxia:Kanas·Shangri-la·Jiuzhaigou valley/编著天然.-乌鲁木齐:新疆美术摄影出版社:新疆电子音像出版社,2008.12
    127页:彩图;18x19cm+光盘1片.-(《走进新疆》丛书.第三辑)
    
    
    ISBN 978-7-80744-394-0(精装):CNY58.00
    本书是一部摄影集, 向读者介绍了最后的净土: 喀纳斯、恒久的魅力: 香格里拉、人间的童话: 九寨沟的自然风光。
●
相关链接 在五车中查询图书 在当当中查询图书 在豆瓣中查询图书


正题名:华夏三绝色     索取号:J424/5         预约/预借

序号 登录号 条形码 馆藏地/架位号 状态 备注
1 2001062631   2001062631   东辅楼二楼书库/ [索取号:J424/5] 在馆    
2 2001062632   2001062632   东辅楼二楼书库/ [索取号:J424/5] 在馆    
3 2001062633   2001062633   东辅楼二楼书库/ [索取号:J424/5] 在馆    
4 2001062634   2001062634   东辅楼二楼书库/ [索取号:J424/5] 在馆    
5 2001062635   2001062635   东辅楼二楼书库/ [索取号:J424/5] 在馆    
6 2001062636   2001062636   东辅楼二楼书库/ [索取号:J424/5] 在馆    
7 2001062637   2001062637   东辅楼二楼书库/ [索取号:J424/5] 在馆    
8 2001062638   2001062638   东辅楼二楼书库/ [索取号:J424/5] 在馆    
9 2001062639   2001062639   东辅楼二楼书库/ [索取号:J424/5] 在馆    
10 2001062640   2001062640   东辅楼二楼书库/ [索取号:J424/5] 在馆    
11 2001062641   2001062641   东辅楼二楼书库/ [索取号:J424/5] 在馆    
12 2001062642   2001062642   东辅楼二楼书库/ [索取号:J424/5] 在馆    
13 2001062643   2001062643   东辅楼二楼书库/ [索取号:J424/5] 在馆    
14 2001062644   2001062644   东辅楼二楼书库/ [索取号:J424/5] 在馆    
15 2001062645   2001062645   东辅楼二楼书库/ [索取号:J424/5] 在馆    
16 2001062646   2001062646   东辅楼二楼书库/ [索取号:J424/5] 在馆    
17 2001062647   2001062647   东辅楼二楼书库/ [索取号:J424/5] 在馆    
18 2001062648   2001062648   东辅楼二楼书库/ [索取号:J424/5] 在馆    
19 2001062649   2001062649   东辅楼二楼书库/ [索取号:J424/5] 在馆    
20 2001062650   2001062650   东辅楼二楼书库/ [索取号:J424/5] 在馆    
21 2001062651   2001062651   东辅楼二楼书库/ [索取号:J424/5] 在馆    
22 2001062652   2001062652   东辅楼二楼书库/ [索取号:J424/5] 在馆    
23 2001062653   2001062653   东辅楼二楼书库/ [索取号:J424/5] 在馆    
24 2001062654   2001062654   东辅楼二楼书库/ [索取号:J424/5] 在馆    
25 2001062655   2001062655   东辅楼二楼书库/ [索取号:J424/5] 在馆    
26 2001062656   2001062656   东辅楼二楼书库/ [索取号:J424/5] 在馆    
27 2001062657   2001062657   东辅楼二楼书库/ [索取号:J424/5] 在馆    
28 2001062658   2001062658   东辅楼二楼书库/ [索取号:J424/5] 在馆    
29 2001062659   2001062659   东辅楼二楼书库/ [索取号:J424/5] 在馆    
30 2001062660   2001062660   东辅楼二楼书库/ [索取号:J424/5] 在馆    
山东省滨州职业学院图书馆 欢迎您!
大连网信软件有限公司© 版权所有